000 00741nas a2200253 4500
001 BR0200508
003 BR-BrBNA
005 20231205102621.0
007 ta
008 230509b bl.|||p| |||| 00| 00por d
040 _aBR-BrBNA
_bpor
_cBiblioteca Nacional de Agricultura
041 _a(Pt)
072 _aF30
100 1 _aSchifimo-Wittmann, M.T.
245 1 _aDeterminacao da quantidade de DNA nuclear em plantas
650 _aArvore Angiosperma
650 _aDNA
650 _aGermoplasma
650 _aMetodo
650 _aMelhoramento Genetico Vegetal
773 0 _tCiencia Rural (Brazil)
_xISSN 0103-8478
_g(Sep-Oct 2001), v. 31(5) p. 897-902
_wBR0200508
909 _a202311
_bLúcia
_c55
_dLúcia Elande
942 _2AGRIS
_n0
_cANA
999 _c168464
_d168464